Fundamentals of embedded software with the ARM Cortex-M3 / (رقم التسجيلة. 31292)
[ عرض عادي ]
| 000 -الفاتح | |
|---|---|
| حقل البيانات ثابتة الطول | 00847nam a22002297a 4500 |
| 003 - محدد رقم الضبط | |
| رقم الضبط | OSt |
| 005 - وقت وتاريخ اخر تعامل مع التسجيلة | |
| رقم الضبط | 20150408114143.0 |
| 008 - عناصر البيانات ثابتة الطول - معلومات عامة | |
| حقل البيانات ثابتة الطول | 130906s2013 njua g 001 0 eng d |
| 020 ## - الرقم الدولى المعيارى للكتب | |
| الرقم الدولى المعيارى للكتاب | 9780133357226 (paperback) |
| 020 ## - الرقم الدولى المعيارى للكتب | |
| الرقم الدولى المعيارى للكتاب | 0133357228 (paperback) |
| 040 ## - مصدر الفهرسة | |
| وكالة الفهرسة الأصلية | IiNdDKA |
| لغة الفهرسة | eng |
| وكالة النسخ | IiNdDKA |
| وكالة التعديل | rda |
| 082 00 - رقم تصنيف ديوى العشرى | |
| رقم الطبعة | 23 |
| رقم التصنيف | 005.133 |
| رقم المادة | LDF |
| 100 1# - المدخل الرئيسى - إسم شخصى | |
| الإسم الشخصى | Lewis, D. W. |
| التواريخ المصاحبة للاسم | 1946- |
| الشكل الأكمل للاسم | (Daniel Wesley), |
| 9 (RLIN) | 37990 |
| 245 10 - بيان العنوان | |
| العنوان | Fundamentals of embedded software with the ARM Cortex-M3 / |
| بيان المسئوليه,etc | Daniel W. Lewis. |
| 250 ## - بيان الطبعة | |
| بيان الطبعة | Second edition, International edition. |
| 260 ## - PUBLICATION, DISTRIBUTION, ETC. (IMPRINT) | |
| مكان الناشر او الموزع | Upper Saddle River, NJ : |
| اسم الناشر او الموزع | Pearson Education International, |
| تاريخ النشر أو التوزيع | 2013. |
| 300 ## - الوصف المادى | |
| التعداد | xvii, 238 pages : |
| تفاصيل ماديه اخرى للوعاء | illustrations (black and white) ; |
| أبعاد الوعاء | 23 cm. |
| 500 ## - تبصرة عامة | |
| تبصرة عامة | Includes index. |
| 650 #0 - المدخل الاضافى بالموضوع-مصطلح موضوعى | |
| مصطلح موضوعي أو اسم جغرافي كعنصر مدخل | Embedded computer systems |
| التقسيم الفرعي العام | .Programming |
| 9 (RLIN) | 4771 |
| 650 #0 - المدخل الاضافى بالموضوع-مصطلح موضوعى | |
| مصطلح موضوعي أو اسم جغرافي كعنصر مدخل | Assembly languages |
| 9 (RLIN) | 37991 |
| 942 ## - | |
| -- | ddc |
| -- | BOOK |
| 999 ## - | |
| -- | 31292 |
| -- | 265792 |
| حالة الفقد | نموذج السعر الفعال | حالة تلف | ليس للاعارة | رقم الطلب | رقم النسخة | تاريخ الاكتساب | Serial Enumeration / chronology | الباركود | الفرع الرئيسي | Date last seen | نوع المادة فى نظام كوها | مصدر التصنيف او خطة الترفيف | Total Checkouts |
|---|---|---|---|---|---|---|---|---|---|---|---|---|---|
| 2013-10-17 | Not For Loan | 005.133 LDF | 1 | 2013-10-17 | CL | 00206857 | المكتبة المركزية بالمجمعة (CL) | 2013-10-17 | كتاب | Dewey Decimal Classification | |||
| 2013-10-17 | 005.133 LDF | 2 | 2013-10-17 | CL | 00206858 | المكتبة المركزية بالمجمعة (CL) | 2013-10-17 | كتاب | Dewey Decimal Classification | ||||
| 2013-10-17 | 005.133 LDF | 3 | 2013-10-17 | CL | 00206668 | المكتبة المركزية بالمجمعة (CL) | 2013-10-17 | كتاب | Dewey Decimal Classification |
